Örgütsel destek üzerinden psikolojik sözleşmeyi güçlendirmek (Record no. 21568)

000 -LEADER
fixed length control field 01114nmm a2200301 a 4500
001 - CONTROL NUMBER
control field ocm0002347718
003 - CONTROL NUMBER IDENTIFIER
control field TR-IsHL
005 - DATE AND TIME OF LATEST TRANSACTION
control field 20201028185652.0
008 - FIXED-LENGTH DATA ELEMENTS--GENERAL INFORMATION
fixed length control field 191108s2019 tu tur
007 - PHYSICAL DESCRIPTION FIXED FIELD--GENERAL INFORMATION
fixed length control field cr cn
020 ## - INTERNATIONAL STANDARD BOOK NUMBER
International Standard Book Number 9786057786142
035 ## - SYSTEM CONTROL NUMBER
System control number 2347718
-- (N$T)
050 04 - LIBRARY OF CONGRESS CALL NUMBER
Classification number HD6490.P782
Item number D8 2019
090 04 - LOCALLY ASSIGNED LC-TYPE CALL NUMBER (OCLC); LOCAL CALL NUMBER (RLIN)
Classification number (OCLC) (R) ; Classification number, CALL (RLIN) (NR) HD6490.P782
Local cutter number (OCLC) ; Book number/undivided call number, CALL (RLIN) D8 2019
245 10 - TITLE STATEMENT
Title Örgütsel destek üzerinden psikolojik sözleşmeyi güçlendirmek
Medium [electronic resource] /
Statement of responsibility, etc. ; Doç. Dr. Muhammet Düşükcan, Doç. Dr. Erkan Turan Demirel, Dr. Öğr. Üyesi Eray Ekin Sezgin
250 ## - EDITION STATEMENT
Edition statement 1. Baskı
260 ## - PUBLICATION, DISTRIBUTION, ETC.
Place of publication, distribution, etc. Konya :
Name of publisher, distributor, etc. Eğitim Yayınevi,
Date of publication, distribution, etc. 2019
300 ## - PHYSICAL DESCRIPTION
Extent 135 p.
500 ## - GENERAL NOTE
General note Kaynakça sayfa:120
650 #4 - SUBJECT ADDED ENTRY--TOPICAL TERM
Topical term or geographic name entry element Eğitim
650 #4 - SUBJECT ADDED ENTRY--TOPICAL TERM
Topical term or geographic name entry element Education
650 #0 - SUBJECT ADDED ENTRY--TOPICAL TERM
Topical term or geographic name entry element Örgütsel davranış
General subdivision Psikolojik yönler
650 #0 - SUBJECT ADDED ENTRY--TOPICAL TERM
Topical term or geographic name entry element Organizational behavior
General subdivision Psychological aspects
650 #7 - SUBJECT ADDED ENTRY--TOPICAL TERM
Topical term or geographic name entry element BUSINESS & ECONOMICS / Organizational Behavior
Source of heading or term bisacsh
700 1# - ADDED ENTRY--PERSONAL NAME
Personal name Demirel, Erkan Turan
700 1# - ADDED ENTRY--PERSONAL NAME
Personal name Sezgin, Eray Ekin
856 40 - ELECTRONIC LOCATION AND ACCESS
Uniform Resource Identifier <a href="http://search.ebscohost.com/login.aspx?direct=true&scope=site&db=e011xww&AN=2347718">http://search.ebscohost.com/login.aspx?direct=true&scope=site&db=e011xww&AN=2347718</a>
Holdings
Withdrawn status Lost status Source of classification or shelving scheme Damaged status Not for loan Collection code Permanent Location Current Location Date acquired Total Checkouts Full call number Barcode Date last seen Price effective from Koha item type
        Online   Kıbrıs Amerikan Üniversitesi Kütüphanesi / American University of Cyprus Kıbrıs Amerikan Üniversitesi Kütüphanesi / American University of Cyprus 28.10.2020   HD6490.P782 D8 2019 2347718 28.10.2020 28.10.2020 E-Kitap
Devinim Yazılım Eğitim Danışmanlık tarafından Koha'nın orjinal sürümü uyarlanarak geliştirilip kurulmuştur.